000 00988nam a22003137a 4500
003 CHAP
005 20220329141216.0
008 971010s1960 r 00010 d
010 _a64405
011 _a65377
035 _a72056
040 _cCHAP
082 _a582.15
_bV5
100 0 0 _aVines, Robert A.
_9119845
245 _aTrees, shrubs and woody vines of the southwest
260 _aAustin, Texas :
_bUniversity of Texas,
_c1960
300 _a1103 p.
_b: ilus.
590 _aBATCH-UPD
_b10
_c20130110
_lUCH01
_h0835
590 _aBATCH-UPD
_b10
_c20130409
_lUCH01
_h2315
590 _aBATCH-UPD
_b10
_c20130914
_lUCH01
_h1848
590 _aCONVERSION
_b10
_c20130109
_lUCH01
_h1335
650 1 4 _aÁrboles
_xE.U.A.
_96592
650 1 4 _aArbustos
_xE.U.A.
_96723
650 1 4 _aPlantas leñosas
_xE.U.A.
_989021
901 _aBK
942 _cLIBRO
949 _a582.15 V5
_bBC
_cC
_d33724000493664
_eC
_h30629
_i72056
_si
949 _a582.15 V5
_bBC
_cC
_d33724000493672
_eC
_fc.2
_h41012
_i72056
_si
999 _c64405
_d64405